000 01066nam a22003017a 4500
003 CHAP
005 20220329141119.0
008 971010s1985 r 00010 d
010 _a62781
011 _a63753
035 _a68021
040 _cCHAP
082 _a620.8
_bQ8
100 0 0 _aQuintero Ramírez, Rodolfo.
_993432
245 _aProspectiva de la biotecnología en México
260 _aMéxico, D.F. :
_bConsejo Nacional de Ciencia y Tecnología,
_c1985
300 _a499 p.
_b: ilus. ; gráfs.
590 _aBATCH-UPD
_b10
_c20130110
_lUCH01
_h1957
590 _aBATCH-UPD
_b10
_c20130410
_lUCH01
_h1318
590 _aBATCH-UPD
_b10
_c20130914
_lUCH01
_h0640
590 _aCONVERSION
_b10
_c20130109
_lUCH01
_h1334
650 1 4 _aBiotecnología.
_912878
901 _aBK
942 _cLIBRO
949 _a620.8 Q8
_bBC
_cLIBRO
_d33724000014346
_eLIBRO
_fc.3
_gI. 131002
_h68210
_i68021
_si
949 _a620.8 Q8
_bBC
_cLIBRO
_d33724000281226
_eLIBRO
_fc.2
_gI. 131001
_h68209
_i68021
_si
949 _a620.8 Q8
_bBC
_cLIBRO
_d33724000281382
_eLIBRO
_gI. 130994
_h68273
_i68021
_si
999 _c62781
_d62781